Modernismo postcolonial en la obra de Diego Rivera y José Carlos Mariátegui : o nueva luz sobre una relación abandonada /
Gardado en:
| Autor Principal: | |
|---|---|
| Formato: | Libro |
| Idioma: | Spanish |
| Publicado: |
Canarias, España
Ediciones del Umbral
|
| Etiquetas: |
Engadir etiqueta
Sen Etiquetas, Sexa o primeiro en etiquetar este rexistro!
|
MARC
| LEADER | 00000nam a22000007a 4500 | ||
|---|---|---|---|
| 008 | 140711b2003 sp ||||| |||| 00| 0 spa d | ||
| 040 | |a cru CIICLA Universidad de Costa Rica | ||
| 082 | |a Tercer Texto - Revista | ||
| 100 | 1 | |a Craven, David | |
| 245 | 1 | 0 | |a Modernismo postcolonial en la obra de Diego Rivera y José Carlos Mariátegui : |b o nueva luz sobre una relación abandonada / |c David Craven |
| 260 | |a Canarias, España |b Ediciones del Umbral |e 2003 | ||
| 300 | |a páginas 21-35 | ||
| 500 | |a En: Tercer Texto : una perspectiva crítica sobre el arte y la cultra contemporáneos. Número 1. Primavera 2003 | ||
| 942 | |2 ddc |c ARC | ||
| 999 | |c 3380 |d 3380 | ||
